000 00823nam a22002417a 4500
003 UA-OsUOA
001 75687
007 ta
008 20110527b un ||||| |||| 00| 0 ukr d
100 _aСтемпень С.
090 _a94(477)"2004=162.1
_bС79
942 _cBK
040 _aUA-OsUOA
_bukr
_cUA-OsUOA
_dUA-OsUOA
245 _aПомаранчева революція. Хроніка й документи президентських виборів на Україні 2004 року
300 _a380 с.
955 _a2
041 _aukr
080 _a94(477)"2004=162.1
020 _a83-60374-05-8
260 _aПеремишль
_bПівд.-Схід. наук. ін-т у Перемишлі
_c2006
650 7 _a9 Географія. Біографії. Історія
_2UDC
999 _c361974
_d361974